000 01599nam0a2200349 4500
001 RU\NLR\bibl\2073328
005 20260406043303.0
010 _a5-902822-13-0
_9500
021 _aRU
_b2013-64759
_94431
035 _a(nilc)RuMoRGB-006631858
035 _a(NLR Aleph) 002059429
090 _a4679689
_c4679689
100 _a20130819d2006 |||y0rusy50 ca
101 0 _arus
102 _aRU
105 _aa zzzz|||||
200 1 _aГосударственный финансовый контроль в социальной сфере
_eмонография
_fТ. Ф. Романова, О. И. Карепина
_gФедеральное агентство по образованию, Ростовский гос. экономический ун-т "РИНХ"
210 _aАзов
_cАзовПечать
_d2006
215 _a215 с.
_cил.
_d21
320 _aБиблиогр.: с. 179-190 (208 назв.) и в подстроч. примеч.
606 1 _aСоциальная сфера
_xФинансовый контроль
_yРоссийская Федерация
_92146629
_3RU\NLR\auth\661293216
686 _aУ26(2)155
686 _aХ622.02
700 1 _4070
_7ca
_8rus
_aРоманова
_bТ. Ф.
_cд-р экон. наук
_gТатьяна Федоровна
_9113366
_3RU\NLR\auth\773370
701 1 _aКарепина
_bО. И.
_gОксана Ивановна
_4070
801 0 _aRU
_bRuMoRKP
_c20130819
_gRCR
801 2 _aRU
_bРГБ
_c20130828
_grcr
801 1 _aRU
_bRuMoRKP
_c20130819
_2rusmarc
801 2 _aRU
_bNLR
_c20130919
_grcr
942 _cBOOK
980 _aNB